<?xml version="1.0" encoding="UTF-8"?><?xml-stylesheet type="text/xsl" href="static/style.xsl"?><OAI-PMH xmlns="http://www.openarchives.org/OAI/2.0/" xmlns:xsi="http://www.w3.org/2001/XMLSchema-instance" xsi:schemaLocation="http://www.openarchives.org/OAI/2.0/ http://www.openarchives.org/OAI/2.0/OAI-PMH.xsd"><responseDate>2026-06-01T11:52:53Z</responseDate><request verb="GetRecord" identifier="oai:riuma.uma.es:10630/14399" metadataPrefix="marc">https://riuma.uma.es/rest/oai/request</request><GetRecord><record><header><identifier>oai:riuma.uma.es:10630/14399</identifier><datestamp>2026-02-03T12:25:42Z</datestamp><setSpec>com_10630_2254</setSpec><setSpec>col_10630_37959</setSpec></header><metadata><record xmlns="http://www.loc.gov/MARC21/slim" xmlns:dcterms="http://purl.org/dc/terms/" xmlns:doc="http://www.lyncode.com/xoai" xmlns:xsi="http://www.w3.org/2001/XMLSchema-instance" xsi:schemaLocation="http://www.loc.gov/MARC21/slim http://www.loc.gov/standards/marcxml/schema/MARC21slim.xsd">
   <leader>00925njm 22002777a 4500</leader>
   <datafield ind2=" " ind1=" " tag="042">
      <subfield code="a">dc</subfield>
   </datafield>
   <datafield ind2=" " ind1=" " tag="720">
      <subfield code="a">Pintado Calvillo, Adrián</subfield>
      <subfield code="e">author</subfield>
   </datafield>
   <datafield ind2=" " ind1=" " tag="720">
      <subfield code="a">Pérez-Martínez, Isabel</subfield>
      <subfield code="e">author</subfield>
   </datafield>
   <datafield ind2=" " ind1=" " tag="720">
      <subfield code="a">Cerezo, Miguel</subfield>
      <subfield code="e">author</subfield>
   </datafield>
   <datafield ind2=" " ind1=" " tag="720">
      <subfield code="a">Flors, Víctor</subfield>
      <subfield code="e">author</subfield>
   </datafield>
   <datafield ind2=" " ind1=" " tag="720">
      <subfield code="a">Ramos-Rodríguez, Cayo Juan</subfield>
      <subfield code="e">author</subfield>
   </datafield>
   <datafield ind2=" " ind1=" " tag="260">
      <subfield code="c">2017-07-27</subfield>
   </datafield>
   <datafield ind2=" " ind1=" " tag="520">
      <subfield code="a">Indole-3-acetic acid (IAA) is a phytohormone belonging to the auxin group which production is widely distributed among plant-associated bacteria. In phytopathogenic bacteria, several IAA biosynthetic pathways have been described. The best characterized is the indole-3-acetamide (IAM) pathway, where tryptophan is initially converted into IAM by a monooxygenase (iaaM gene), and later transformed to IAA in a reaction catalysed by a hydrolase (iaaH gene). Pseudomonas savastanoi pv. savastanoi NCPPB 3335 (Psv), which synthesizes IAA through IAM, encodes two paralogs of these two genes organized in two operons (iaaMH-1 and iaaMH-2). Previously, we have demonstrated that a Psv mutant in the iaaMH-1 operon produces an amount of IAA significantly lower than that synthesized by the wild type strain. This strain, shows a reduced virulence in olive plants. In contrast, a mutant in the iaaMH-2 operon (which encodes a iaaM-2 pseudogene), produces IAA levels similar to those of the wild type strain and is not affected in virulence. Unexpectedly, the iaaMH-1 mutant and the double mutant iaaMH- 1/iaaMH-2 synthesize a residual amount of IAA, suggesting the existence of an alternative route for the production of this compound in Psv.</subfield>
   </datafield>
   <datafield ind1="8" ind2=" " tag="024">
      <subfield code="a">http://hdl.handle.net/10630/14399</subfield>
   </datafield>
   <datafield tag="653" ind2=" " ind1=" ">
      <subfield code="a">Bacterias</subfield>
   </datafield>
   <datafield ind2="0" ind1="0" tag="245">
      <subfield code="a">Evaluation of alternative IAA biosynthetic pathways in the bacteria from the pseudomonas syringae complex</subfield>
   </datafield>
</record>
</metadata></record></GetRecord></OAI-PMH>